| 000 | 01106njm a22002777a 4500 | ||
|---|---|---|---|
| 005 | 20100909152122.0 | ||
| 006 | a|||||r|||||00| 0 | ||
| 007 | sd ammalaaahaa | ||
| 008 | 100909t xxu||||| |||| 00| 0 eng d | ||
| 028 |
_aN.88394 _bHis Master's Voice |
||
| 035 | _aGR-01650 | ||
| 040 |
_aSED _cSED |
||
| 100 | _917690 | ||
| 245 |
_aTere Lbon Ke Mukabil - Geet / _csung by Mukesh; music by Kishore Desai; lyric by Shivkumar "Saroj" _h[Sound Recording] : |
||
| 246 | _aतेरे लबों के मुकाबिल - गीत / | ||
| 260 |
_aDum Dum India _bHis Master' Voice _c1963 |
||
| 300 |
_a1 sound disc (Gramophone Recording) _banalog, 33 1/3 rpm _c9.5 in. (MP) _fGramophone Record |
||
| 500 | _aBrief Record | ||
| 505 | _aSide-2 बहारों से कहदो - गीत (Baharon Se Kehdo - Geet) (Mukesh) | ||
| 650 |
_aClassical Music _xExcerpts _zIndia _917691 |
||
| 700 |
_aMukesh _919218 |
||
| 700 |
_aDesai, Kishore _919219 |
||
| 700 |
_aShivkumar _919220 |
||
| 942 |
_2ddc _cGR |
||
| 999 |
_c44879 _d44879 |
||